| 000 | 00873nam a2200241 a 4500 | ||
|---|---|---|---|
| 001 | BS0002541 | ||
| 003 | BR-BrBNA | ||
| 005 | 20230418192047.0 | ||
| 008 | 230308b |||||||| |||| 00| 0 por d | ||
| 040 |
_aBR-BrBNA _bpor _cBiblioteca Nacional de Agricultura |
||
| 041 | _apor | ||
| 072 | _aC12 | ||
| 090 | _aC12 BS0002541 | ||
| 100 | 1 | _aLeão, Danuza. | |
| 245 | 1 | _aNa sala com Danuza / | |
| 250 | 1 | _a16. ed. | |
| 260 | 3 |
_aSão Paulo, SP: _bSiciliano, _c1992. |
|
| 300 | _a214 p. | ||
| 520 | 3 | _aFaço parte de uma tribo longe de qualquer tradição ou preconceito, de meio social indefinido, uma pessoa com idéias p´roprias, um certo bom senso. E que, mesmo defendendo as belas maneiras, dá mais valor a ética naas relações do que a qualquer procedimento tido como civilizado. | |
| 650 | _aETIQUETA | ||
| 909 |
_a202304 _bSergio Santos _c56 _dSergio Santos |
||
| 942 | _cBK | ||
| 999 |
_c7599 _d7599 |
||